• 首页
  • 本馆介绍
  • 公告通知
  • 最新文献
  • 馆藏检索
  • 电子资源
  • 读者导购
  • 参考咨询
  • 我的图书馆
  • 登录
  • 详细信息显示
  • 放入我的书架
  • 预约/预借图书
  • 作者相关作品
  • 分类相关作品
  • 丛书相关作品
  • 出版社相关作品

书目信息

  • 表格格式
  • 工作单格式
  • 卡片格式
题名:
教育改革与学术争鸣
    
 
作者: 萧宗六 著
分册:  
出版信息: 北京   人民教育出版社  2003
页数: 519页
开本: 21cm
丛书名: 中国当代教育论丛
单 册:
中图分类: G521-53
科图分类:
主题词: 教育改革 , 教育改革--中国--文集
电子资源:
ISBN: 7-107-16997-1
000 00942nam0 2200289 450
000 00969nam0 2200289 450
000 00899nam0 2200265 450
000 00863oam2 2200253 45
005 20070727141224.29
010    @a7-107-16997-1@dCNY31.40
100    @a20070719d2003 em y0chiy0120 ea
101 0  @achi
102    @aCN@b110000
105    @ay z 000yy
200 1  @a教育改革与学术争鸣@AJiao Yu Gai Ge Yu Xue Shu Zheng Ming@f萧宗六著@FXiao Zong Liu Zhu
210    @a北京@c人民教育出版社@d2003
215    @a519页@c照片@d21cm
225 2  @a中国当代教育论丛
300    @a国家“十五”规划重点图书
330    @a全书分为“教育科研与争鸣”、“学校教育与改革”以及“我的治学之道”三大部分内容。
410  0 @12001 @a中国当代教育论丛
606 0  @a教育改革
606 0  @a教育改革@y中国@j文集
690    @aG521-53@v4
701  0 @a萧宗六@AXiao Zong Liu@f(1925.10~)@4著
801  0 @aCN@bTAOJIN@c20070727
905    @a10447@dG521-53@e125
    
    教育改革与学术争鸣/萧宗六著.-北京:人民教育出版社,2003
    519页:照片;21cm.-(中国当代教育论丛)
    国家“十五”规划重点图书
    
    ISBN 7-107-16997-1:CNY31.40
    全书分为“教育科研与争鸣”、“学校教育与改革”以及“我的治学之道”三大部分内容。
●
相关链接 在E读中查询图书 在五车中查询图书 在当当中查询图书 在豆瓣中查询图书


正题名:教育改革与学术争鸣     索取号:G521-53/125         预约/预借

序号 登录号 条形码 馆藏地/架位号 状态 备注
1 0821040   208210407   第一样本阅览室/ [索取号:G521-53/125] 在馆    
2 0821041   208210416   第四借阅区/ [索取号:G521-53/125] 在馆    
3 0821042   208210425   第四借阅区/ [索取号:G521-53/125] 在馆    
4 0821043   208210434   第四借阅区/ [索取号:G521-53/125] 在馆    
5 0821044   208210443   第四借阅区/ [索取号:G521-53/125] 在馆    
唐山师范学院图书馆 欢迎您!
大连网信软件有限公司© 版权所有